Essentials of biological chemistry (Record no. 20951)

MARC details
000 -LEADER
fixed length control field 00487nam a2200205Ia 4500
082 ## - DEWEY DECIMAL CLASSIFICATION NUMBER
Classification number 577.1
Item number FAI
100 ## - MAIN ENTRY--AUTHOR NAME
Personal name FAIRLEY, James L
245 #0 - TITLE STATEMENT
Title Essentials of biological chemistry
250 ## - EDITION STATEMENT
Edition statement Ed.2
260 ## - PUBLICATION, DISTRIBUTION, ETC. (IMPRINT)
Place of publication New York
Name of publisher Reinhold
Year of publication 1966
650 ## - SUBJECT ADDED ENTRY--TOPICAL TERM
Topical Term Carbohydrate
650 ## - SUBJECT ADDED ENTRY--TOPICAL TERM
Topical Term Energy transfer
650 ## - SUBJECT ADDED ENTRY--TOPICAL TERM
Topical Term Enzyme
650 ## - SUBJECT ADDED ENTRY--TOPICAL TERM
Topical Term Lipid
650 ## - SUBJECT ADDED ENTRY--TOPICAL TERM
Topical Term Nucleic acid
650 ## - SUBJECT ADDED ENTRY--TOPICAL TERM
Topical Term Nucleotide
650 ## - SUBJECT ADDED ENTRY--TOPICAL TERM
Topical Term Protein
942 ## - ADDED ENTRY ELEMENTS (KOHA)
Koha item type Books
Holdings
Withdrawn status Lost status Damaged status Not for loan Home library Current library Date acquired Full call number Accession Number Koha item type
        RRII Library RRII Library 16/12/2021 577.1 FAI 01673 Books